Real estate office management (Record no. 102582)

MARC details
000 -LEADER
fixed length control field 00902cam a2200229 4500
008 - FIXED-LENGTH DATA ELEMENTS--GENERAL INFORMATION
fixed length control field 030113n2003 000 0 eng u
020 ## - INTERNATIONAL STANDARD BOOK NUMBER
International Standard Book Number 0324184840
035 ## - SYSTEM CONTROL NUMBER
System control number (Sirsi) u120970
041 ## - LANGUAGE CODE
Language code of text/sound track or separate title eng.
050 ## - LIBRARY OF CONGRESS CALL NUMBER
Classification number 333.33
-- 18
100 ## - MAIN ENTRY--PERSONAL NAME
Personal name Herd, Robert L.
245 ## - TITLE STATEMENT
Title Real estate office management
Remainder of title a guide to success
260 ## - PUBLICATION, DISTRIBUTION, ETC.
Place of publication, distribution, etc. Mason
Name of publisher, distributor, etc. South Western College Publishing
Date of publication, distribution, etc. 2003
300 ## - PHYSICAL DESCRIPTION
Extent viii, 119p.
Dimensions 22cm.
350 ## - PRICE (NR) (BK AM CF MU VM SE) [OBSOLETE]
Price 34.99
520 ## - SUMMARY, ETC.
Summary, etc. An American text which provides a step-by-step guide to setting up and managing a real estate office. Includes chapters looking at: managing for another company, opening your own firm, recruiting, training, marketing advertising and promotion, office meetings, and day-to-day operations.
650 ## - SUBJECT ADDED ENTRY--TOPICAL TERM
Topical term or geographic name entry element OFFICE MANAGEMENT
650 ## - SUBJECT ADDED ENTRY--TOPICAL TERM
Topical term or geographic name entry element ESTATE AGENCY
650 ## - SUBJECT ADDED ENTRY--TOPICAL TERM
Topical term or geographic name entry element REAL ESTATE AGENTS
690 ## - LOCAL SUBJECT ADDED ENTRY--TOPICAL TERM (OCLC, RLIN)
Topical term or geographic name as entry element MANAGEMENT-BUSINESS MANAGEMENT
942 ## - ADDED ENTRY ELEMENTS (KOHA)
Suppress in OPAC 0
Holdings
Withdrawn status Lost status Source of classification or shelving scheme Damaged status Not for loan Home library Current library Shelving location Date acquired Cost, normal purchase price Total Checkouts Full call number Barcode Date last seen Date last checked out Copy number Cost, replacement price Price effective from Koha item type
    Dewey Decimal Classification     London London Books 01/05/2003 29.74 5 333.33 HER 30068571 06/08/2019 29/09/2009 1 29.74 06/08/2019 Book